Trends in Household Consumption Inequalities in Slovakia: Empirical Evidence

Určenie elasticity spotreby systémom QUAIDS a analýza vnímania luxusných a nevyhnutných statkov domácnosťami. Význam finančnej a ekonomickej krízy pri spotrebe domácností.

Guardado en:
Detalles Bibliográficos
Autor principal: König, Brian, 1983-
Otros Autores: Dováľová, Gabriela, 1982-
Formato: Capítulo de libro
Lenguaje:inglés
Materias:
Etiquetas: Agregar Etiqueta
Sin Etiquetas, Sea el primero en etiquetar este registro!

MARC

LEADER 00000naa a2200000 4500
001 0217367
005 20240502073620.0
041 0 |a eng 
044 |a SK 
245 1 0 |a Trends in Household Consumption Inequalities in Slovakia: Empirical Evidence  |c Brian König, Gabriela Dováľová 
520 |a Určenie elasticity spotreby systémom QUAIDS a analýza vnímania luxusných a nevyhnutných statkov domácnosťami. Význam finančnej a ekonomickej krízy pri spotrebe domácností. 
610 2 0 |a pružnosť 
610 2 0 |a výdavky 
610 2 0 |a spotreba domácností 
610 2 0 |a príjmy 
610 2 0 |a nerovnosť 
100 1 |a König, Brian, 1983- 
700 1 |a Dováľová, Gabriela, 1982-